| 000 | 00738nam a2200217 a 4500 | ||
|---|---|---|---|
| 005 | 20140310183439.0 | ||
| 008 | 080403s19uu xx 00 eng d | ||
| 020 | _a0753710897 | ||
| 050 |
_aAG 243 _b.F527 2005 |
||
| 100 | _aHarrison, Ian | ||
| 245 |
_aThe book of firsts : _bthe stories behind the outstanding breakthroughs of the modern world / |
||
| 260 |
_aLondon : _bOctopus Publishing Group, _c2005. |
||
| 300 |
_a288 p. : _bill. col. ; _c30 cm. |
||
| 650 |
_aCivilization, Modern _xHistory _xAnecdotes. |
||
| 650 |
_aWorld records _xHistory _xAnecdotes. |
||
| 650 |
_aDiscovery in geography _xHistory _xAnecdotes. |
||
| 650 |
_aInventions _xHistory _xAnecdotes. |
||
| 700 | _aFossett, Steve | ||
| 942 |
_cBK _2lcc |
||
| 999 |
_c23041 _d23041 |
||